[Event "Santiago Endesa 12"]
[Site "Santiago de Chile"]
[Date "2007.11.??"]
[Round "5"]
[White "Carrasco Miranda, Andres"]
[Black "Dumas Aviles, Alejandro"]
[Result "0-1"]
[WhiteElo "2123"]
[BlackElo "2221"]
[PlyCount "73"]
[EventDate "2007.11.??"]
[EventType "tourn"]
[EventRounds "9"]
[EventCountry "CHI"]
[SourceTitle "EXT 2008"]
[Source "ChessBase"]
[SourceDate "2007.11.25"]
[SourceVersion "1"]
[SourceVersionDate "2007.11.25"]
[SourceQuality "1"]

1. d4 Nf6 2. Nf3 g6 3. g3 Bg7 4. Bg2 d6 5. 0-0 0-0 6. a4 Nbd7 7. a5 a6 8. Nbd2 c5 9. c3 d5 10. Nb3 cxd4 11. cxd4 Ne4 12. Bf4 Nb8 13. Nfd2 Nxd2 14. Qxd2 Nc6 15. Rfc1 Re8 16. Rc5 e6 17. Bg5 Qd6 18. Rac1 Bd7 19. Bf4 Qe7 20. Bc7 Rec8 21. Bb6 Qf6 22. e3 Qf5 23. Qc2 Qxc2 24. R5xc2 Nb4 25. Rc7 Nd3 26. R1c2 Rxc7 27. Rxc7 Bc6 28. Bf1 Nxb2 29. Nc5 Bb5 30. Bxb5 axb5 31. Rxb7 Nc4 32. a6 Bf8 33. Ba7 b4 34. Nd7 b3 35. Nxf8 b2 36. Bc5 Rxa6 37. Kg2 0-1

[Event "Santiago Endesa 12"]
[Site "Santiago de Chile"]
[Date "2007.11.??"]
[Round "3"]
[White "Cuevas Araya, Walter"]
[Black "Dumas Aviles, Alejandro"]
[Result "1-0"]
[WhiteElo "2172"]
[BlackElo "2221"]
[PlyCount "101"]
[EventDate "2007.11.??"]
[EventType "tourn"]
[EventRounds "9"]
[EventCountry "CHI"]
[SourceTitle "EXT 2008"]
[Source "ChessBase"]
[SourceDate "2007.11.25"]
[SourceVersion "1"]
[SourceVersionDate "2007.11.25"]
[SourceQuality "1"]

1. e4 g6 2. d4 Bg7 3. c4 d6 4. Nf3 Nf6 5. Nc3 0-0 6. Be2 e5 7. 0-0 Nc6 8. d5 Ne7 9. b4 Nh5 10. Re1 f5 11. Ng5 Nf6 12. Bf3 c6 13. Bb2 h6 14. Ne6 Bxe6 15. dxe6 fxe4 16. Nxe4 Nxe4 17. Rxe4 d5 18. cxd5 cxd5 19. Rxe5 Bxe5 20. Bxe5 Qb6 21. Bb2 Qxb4 22. Rb1 Rf5 23. Bd4 Qd6 24. Rxb7 Rb8 25. Bc5 Qxc5 26. Rxb8+ Kg7 27. h4 h5 28. Qd2 a5 29. a4 Qc4 30. Qb2+ d4 31. Rb7 Kf6 32. Rd7 Qc3 33. Qb8 Qc1+ 34. Kh2 Qf4+ 35. Qxf4 Rxf4 36. Kg3 Rf5 37. Rxd4 Kxe6 38. Be4 Rc5 39. Kf4 Kf7 40. f3 Rc1 41. g4 Rc5 42. Bb7 Ke6 43. Ke4 hxg4 44. fxg4 Rc3 45. Kf4 Kf6 46. Be4 Rc5 47. Rd6+ Kf7 48. Bd3 Nd5+ 49. Rxd5 Rxd5 50. Bc4 Ke6 51. Ke4 1-0

[Event "Santiago Endesa 12"]
[Site "Santiago de Chile"]
[Date "2007.11.??"]
[Round "7"]
[White "Vargas Maliqueo, Ivan Patricio"]
[Black "Dumas Aviles, Alejandro"]
[Result "1/2-1/2"]
[WhiteElo "2205"]
[BlackElo "2221"]
[PlyCount "82"]
[EventDate "2007.11.??"]
[EventType "tourn"]
[EventRounds "9"]
[EventCountry "CHI"]
[SourceTitle "EXT 2008"]
[Source "ChessBase"]
[SourceDate "2007.11.25"]
[SourceVersion "1"]
[SourceVersionDate "2007.11.25"]
[SourceQuality "1"]

1. Nf3 c5 2. e4 d6 3. d4 cxd4 4. Nxd4 Nf6 5. Nc3 a6 6. Be2 e6 7. 0-0 Be7 8. a4 b6 9. f4 Bb7 10. Bf3 Qc7 11. Kh1 Nbd7 12. Nb3 0-0 13. Be3 Rfe8 14. Qe2 Rac8 15. Rad1 Qb8 16. Bc1 Qc7 17. g4 Nf8 18. g5 N6d7 19. Bg2 Qc4 20. Qh5 f6 21. Rd4 Qc7 22. f5 fxg5 23. fxe6 Ne5 24. Rd5 Bxd5 25. exd5 Nfg6 26. Be4 Rf8 27. Rg1 Qc4 28. Be3 b5 29. Na5 Qb4 30. Nc6 Rxc6 31. dxc6 d5 32. Bxd5 Qxb2 33. Bd4 b4 34. Rb1 Qxc2 35. Be4 Qd2 36. Nd5 Qxd4 37. Nxe7+ Kh8 38. Nxg6+ Nxg6 39. Bxg6 Qd5+ 40. Kg1 Qd4+ 41. Kh1 Qd5+ 1/2-1/2

[Event "Santiago Endesa Clasification"]
[Site "Santiago de Chile"]
[Date "2007.09.03"]
[Round "9"]
[White "Caurapan Osses, Jaime"]
[Black "Dumas Aviles, Alejandro"]
[Result "0-1"]
[WhiteElo "2208"]
[BlackElo "2221"]
[PlyCount "144"]
[EventDate "2007.08.13"]
[EventType "swiss"]
[EventRounds "9"]
[EventCountry "CHI"]
[SourceTitle "EXT 2008"]
[Source "ChessBase"]
[SourceDate "2007.11.25"]
[SourceVersion "1"]
[SourceVersionDate "2007.11.25"]
[SourceQuality "1"]

1. d4 Nf6 2. Nf3 g6 3. c4 Bg7 4. Nc3 0-0 5. e4 d6 6. Be2 e5 7. dxe5 dxe5 8. Bg5 c6 9. 0-0 Qxd1 10. Rfxd1 Nbd7 11. h3 a5 12. Rd6 h6 13. Be3 Re8 14. g4 Bf8 15. Rdd1 Kg7 16. g5 hxg5 17. Nxg5 Bc5 18. Kg2 Bxe3 19. fxe3 Nc5 20. Rf1 Ne6 21. Nf3 Nc5 22. Ng5 Re7 23. Rf2 Nh7 24. h4 Nxg5 25. hxg5 Ne6 26. Na4 Nxg5 27. Nb6 Bh3+ 28. Kg1 Rd8 29. Rd1 Rxd1+ 30. Bxd1 Nxe4 31. Rh2 Be6 32. Bf3 Nd6 33. b3 Nf5 34. Re2 Re8 35. Na4 Rh8 36. Nc5 Bc8 37. Ne4 Rd8 38. Nc5 Nh4 39. Bh1 Rd1+ 40. Kh2 f5 41. b4 axb4 42. Rb2 b6 43. Na4 b5 44. Nb6 Be6 45. cxb5 cxb5 46. Rxb4 Rd2+ 47. Kg1 e4 48. Rxb5 Rxa2 49. Rc5 Re2 50. Rc7+ Kf6 51. Rc6 Ke5 52. Rc5+ Kd6 53. Rc3 g5 54. Na8 g4 55. Nc7 Bd7 56. Kf1 Rh2 57. Kg1 Ra2 58. Rc1 Nf3+ 59. Kf1 Ra7 60. Kf2 Rxc7 61. Rd1+ Ke5 62. Kg3 Be6 63. Bg2 Rc3 64. Ra1 Rxe3 65. Ra5+ Bd5 66. Bh1 Ne1+ 67. Kf2 f4 68. Kg1 g3 69. Kf1 f3 70. Kg1 Nc2 71. Bg2 Re1+ 72. Bf1 Ne3 0-1

[Event "Santiago Endesa Clasification"]
[Site "Santiago de Chile"]
[Date "2007.08.25"]
[Round "5"]
[White "Barrera Meza, Carlos"]
[Black "Dumas Aviles, Alejandro"]
[Result "1-0"]
[WhiteElo "2292"]
[BlackElo "2221"]
[PlyCount "75"]
[EventDate "2007.08.13"]
[EventType "swiss"]
[EventRounds "9"]
[EventCountry "CHI"]
[SourceTitle "EXT 2008"]
[Source "ChessBase"]
[SourceDate "2007.11.25"]
[SourceVersion "1"]
[SourceVersionDate "2007.11.25"]
[SourceQuality "1"]

1. e4 c5 2. Nf3 d6 3. d4 cxd4 4. Nxd4 Nf6 5. Nc3 a6 6. Bg5 e6 7. Bc4 h6 8. Bh4 g5 9. Bg3 b5 10. Bb3 b4 11. Na4 Nxe4 12. Qh5 Qf6 13. 0-0-0 Bg7 14. Rhe1 Nxg3 15. hxg3 0-0 16. Re3 Ra7 17. Nb6 Rc7 18. Nc4 Nc6 19. Rf3 Qe7 20. Nxc6 Rxc6 21. Ne3 Kh7 22. Re1 Qa7 23. Rh1 f5 24. Qxg5 Qd4 25. Nd1 d5 26. Rf4 Qc5 27. Rfh4 e5 28. Qd2 d4 29. f3 Rg6 30. Nf2 a5 31. g4 Qe7 32. gxf5 Bxf5 33. g4 Be6 34. Bxe6 Qxe6 35. Qd3 Kg8 36. Rh5 Qxa2 37. g5 Qa1+ 38. Kd2 1-0